Countries With The Longest Metro Network Per Capita - Statistics

General Stats
  • This quiz has been taken 21 times
  • The average score is 6 of 10
Answer Stats
Rank Answer Length per capita (km) Length per capita (mi) % Correct
1 Singapore 0.000040186 0.000024963
90%
3 Norway 0.000015255 0.000009512
71%
4 South Korea 0.0000147 0.000009134
71%
6 Sweden 0.000010218 0.000006339
71%
5 Taiwan 0.000011056 0.000006868
67%
10 Austria 0.000009076 0.000005644
62%
8 Spain 0.000009625 0.00000598
62%
7 Greece 0.00000975 0.000006054
57%
2 Qatar 0.000026592 0.000016445
57%
9 Panama 0.000009123 0.000005669
29%
No matching quizzes found
Score Distribution
Percent of People with Each Score
Percentile by Number Answered
Your Score History
You have not taken this quiz